History Quiz

Random History Quiz

Presidential Dirty Gossip Quiz Stats

 Plays Quiz not verified by Sporcle

Challenge
Share
Tweet
Embed
Score 0/10 Timer 05:00
0 Plays Today
Gossip President % Correct
Only president to never marry. He was rumored to be gay.James Buchanan
79.6%
President who was arrested for driving under the influence.George W Bush
61.2%
President who fancied a swim in the nude.John Adams
46.9%
Only President married the girl he was a legal guardian of.Grover Cleveland
42.9%
President whose obsession was gambling. He even bet and lost the White House china.Warren G. Harding
36.7%
President who broke into the Dean's office to have a look at his grades before they were posted.Richard Nixon
34.7%
President whose mother refused to sleep in the Lincoln bedroom.Harry S. Truman
18.4%
President who hit an elderly woman with his carriage. He was arrested and let go.Franklin Pierce
16.3%
Served strict orders to the White House servants to hide whenever he passed by.Herbert Hoover
12.2%
President who often wrote about suicide in his journalJohn Quincy Adams
12.2%

You're not logged in!

Compare scores with friends on all Sporcle quizzes.
Join for Free
OR
Log In

You Might Also Like...

Show Comments

Extras

Created Mar 5, 2012ReportNominate
Tags:dirty, gossip, matching

Top Quizzes Today


Score Distribution

Your Account Isn't Verified!

In order to create a playlist on Sporcle, you need to verify the email address you used during registration. Go to your Sporcle Settings to finish the process.

Report this User

Report this user for behavior that violates our Community Guidelines.

Details: